Privacy in context : (Record no. 118291)
[ view plain ]
| 000 -LEADER | |
|---|---|
| fixed length control field | 01557cam a22003138a 4500 |
| 001 - CONTROL NUMBER | |
| control field | 15790576 |
| 003 - CONTROL NUMBER IDENTIFIER | |
| control field | ARRUPE |
| 005 - DATE AND TIME OF LATEST TRANSACTION | |
| control field | 20131008172905.0 |
| 008 - FIXED-LENGTH DATA ELEMENTS--GENERAL INFORMATION | |
| fixed length control field | 090624s2009 cau b 001 0 eng c |
| 010 ## - LIBRARY OF CONGRESS CONTROL NUMBER | |
| LC control number | 2009026320 |
| 020 ## - INTERNATIONAL STANDARD BOOK NUMBER | |
| International Standard Book Number | 9780804752367 (cloth : alk. paper) |
| 020 ## - INTERNATIONAL STANDARD BOOK NUMBER | |
| International Standard Book Number | 9780804752374 (pbk. : alk. paper) |
| 040 ## - CATALOGING SOURCE | |
| Original cataloging agency | CSt/DLC |
| Transcribing agency | DLC |
| Modifying agency | DLC |
| 042 ## - AUTHENTICATION CODE | |
| Authentication code | pcc |
| 050 00 - LIBRARY OF CONGRESS CALL NUMBER | |
| Classification number | JC596.2.U5 |
| Item number | N57 2010 |
| 300 ## - PHYSICAL DESCRIPTION | |
| Dimensions | 24 cm. |
| 100 1# - MAIN ENTRY--PERSONAL NAME | |
| Personal name | Nissenbaum, Helen Fay. |
| 9 (RLIN) | 2288 |
| 245 10 - TITLE STATEMENT | |
| Title | Privacy in context : |
| Remainder of title | technology, policy, and the integrity of social life / |
| Statement of responsibility, etc | Helen Nissenbaum. |
| 260 ## - PUBLICATION, DISTRIBUTION, ETC. (IMPRINT) | |
| Place of publication, distribution, etc | Stanford, Calif. : |
| Name of publisher, distributor, etc | Stanford Law Books, |
| Date of publication, distribution, etc | c2010. |
| 300 ## - PHYSICAL DESCRIPTION | |
| Extent | xiv, 288 p. ; |
| 504 ## - BIBLIOGRAPHY, ETC. NOTE | |
| Bibliography, etc | Includes bibliographical references (p. 257-279) and index. |
| 505 0# - FORMATTED CONTENTS NOTE | |
| Formatted contents note | Keeping track and watching over us -- Knowing us better than we know ourselves : massive and deep databases -- Capacity to spread and find everything, everywhere -- Locating the value in privacy -- Privacy in private -- Puzzles, paradoxes, and privacy in public -- Contexts, informational norms, actors, attributes, and transmission principles -- Breaking rules for good -- Privacy rights in context : applying the framework. |
| 650 #0 - SUBJECT ADDED ENTRY--TOPICAL TERM | |
| Topical term or geographic name as entry element | Privacy, Right of |
| Geographic subdivision | United States. |
| 9 (RLIN) | 2289 |
| 650 #0 - SUBJECT ADDED ENTRY--TOPICAL TERM | |
| Topical term or geographic name as entry element | Information technology |
| General subdivision | Social aspects |
| Geographic subdivision | United States. |
| 9 (RLIN) | 2290 |
| 650 #0 - SUBJECT ADDED ENTRY--TOPICAL TERM | |
| Topical term or geographic name as entry element | Information policy |
| Geographic subdivision | United States. |
| 9 (RLIN) | 2291 |
| 650 #0 - SUBJECT ADDED ENTRY--TOPICAL TERM | |
| Topical term or geographic name as entry element | Social norms. |
| 9 (RLIN) | 2292 |
| 906 ## - LOCAL DATA ELEMENT F, LDF (RLIN) | |
| a | 7 |
| b | cbc |
| c | orignew |
| d | 1 |
| e | ecip |
| f | 20 |
| g | y-gencatlg |
| 942 ## - ADDED ENTRY ELEMENTS (KOHA) | |
| Source of classification or shelving scheme | Library of Congress Classification |
| Koha item type | Monograph ( Printed materials) |
| Withdrawn status | Lost status | Source of classification or shelving scheme | Damaged status | Not for loan | Collection code | Home library | Current library | Shelving location | Date acquired | Total Checkouts | Full call number | Barcode | Date last seen | Price effective from | Koha item type |
|---|---|---|---|---|---|---|---|---|---|---|---|---|---|---|---|
| Library of Congress Classification | Main Collection | ARRUPE LIBRARY | ARRUPE LIBRARY | Main Collection | 08/10/2013 | JC596.2.U5 N57 2010 | 46410780 | 29/06/2018 | 08/10/2013 | Monograph ( Printed materials) |